[Event "Europa ch Femenino 2013"]
[Site "Belgrado SER"]
[Date "2013.07.31"]
[Round "8.10"]
[White "Girya, Olga"]
[Black "Purtseladze, Maka"]
[Result "1-0"]
[WhiteElo "2437"]
[BlackElo "2349"]
[PlyCount "59"]
[EventDate "2013.07.23"]
[EventType "swiss"]
[EventRounds "11"]
[EventCountry "SER"]
[Source "lmi"]
[SourceDate "2013.07.22"]

1. d4 Nf6 2. Nf3 e6 3. c4 Bb4+ 4. Bd2 a5 5. Nc3 O-O 6. Qc2 d6 7. e4 e5 8. dxe5
dxe5 9. Nxe5 Re8 10. f4 Rxe5 11. fxe5 Ng4 12. Nd5 Bc5 13. O-O-O c6 14. Be3 Nxe3
15. Nf6+ Qxf6 16. exf6 Nxc2 17. Rd8+ Bf8 18. Rxc8 Nd4 19. e5 a4 20. Bd3 g6 21.
Rd1 Ne6 22. g4 h6 23. Bf5 Nd7 24. Rxa8 gxf5 25. Rxd7 fxg4 26. Kd1 h5 27. Ke1 b5
28. cxb5 cxb5 29. Kf2 h4 30. a3 1-0

[Event "Europa ch Femenino 2013"]
[Site "Belgrado SER"]
[Date "2013.07.31"]
[Round "8.12"]
[White "Schleining, Zoya"]
[Black "Vega Gutierrez, Sabrina"]
[Result "1-0"]
[WhiteElo "2368"]
[BlackElo "2402"]
[PlyCount "81"]
[EventDate "2013.07.23"]
[EventType "swiss"]
[EventRounds "11"]
[EventCountry "SER"]
[Source "lmi"]
[SourceDate "2013.07.22"]

1. d4 d5 2. c4 e6 3. Nf3 c6 4. e3 Nf6 5. Bd3 dxc4 6. Bxc4 Nbd7 7. O-O Bd6 8.
Bb3 O-O 9. Nc3 Qc7 10. Bd2 b5 11. Rc1 Ba6 12. Re1 Rad8 13. e4 e5 14. Nd5 Nxd5
15. Bxd5 Bb7 16. Bg5 Rc8 17. h3 exd4 18. Nxd4 Bc5 19. Bb3 Qb6 20. Be3 Rcd8 21.
Nf5 g6 22. Ne7+ Kg7 23. Rxc5 Nxc5 24. Qe2 Rfe8 25. Nf5+ gxf5 26. Qh5 Nxb3 27.
Bxb6 axb6 28. Qg5+ Kf8 29. Qh6+ Kg8 30. axb3 fxe4 31. Re3 Rd1+ 32. Kh2 Re6 33.
Qf4 Rd3 34. Qb8+ Kg7 35. Qxb7 Rxe3 36. fxe3 c5 37. b4 cxb4 38. Qd5 Kg6 39. Qxb5
h5 40. Kg3 f5 41. Kf4 1-0

[Event "Europa ch Femenino 2013"]
[Site "Belgrado SER"]
[Date "2013.07.31"]
[Round "8.1"]
[White "Ziaziulkina, Nastassia"]
[Black "Milliet, Sophie"]
[Result "1/2-1/2"]
[WhiteElo "2321"]
[BlackElo "2396"]
[PlyCount "124"]
[EventDate "2013.07.23"]
[EventType "swiss"]
[EventRounds "11"]
[EventCountry "SER"]
[Source "lmi"]
[SourceDate "2013.07.22"]

1. e4 c5 2. Nf3 Nc6 3. d4 cxd4 4. Nxd4 e5 5. Nb5 d6 6. N1c3 a6 7. Na3 Be7 8.
Be3 Nf6 9. Nc4 b5 10. Nb6 Rb8 11. Nxc8 Qxc8 12. a4 Nb4 13. Be2 Nxc2+ 14. Qxc2
b4 15. O-O bxc3 16. bxc3 Qc6 17. Qd3 a5 18. f3 O-O 19. Qd2 d5 20. Bb5 Qe6 21.
exd5 Nxd5 22. Bf2 Nf4 23. Qc2 Rfc8 24. Rfd1 Rc7 25. Kh1 Qg6 26. Qxg6 hxg6 27.
c4 Bb4 28. Ra2 Kf8 29. g3 Ne6 30. Kg2 g5 31. Rd5 f6 32. Rc2 Bc5 33. Bxc5+ Rxc5
34. Rcd2 Rxd5 35. Rxd5 Rd8 36. Rxd8+ Nxd8 37. Kf2 Ke7 38. Ke3 Kd6 39. f4 gxf4+
40. gxf4 Ne6 41. fxe5+ Kxe5 42. h4 Nd4 43. h5 f5 44. Be8 f4+ 45. Kf2 Nb3 46.
Bb5 Nd2 47. Ke2 Ne4 48. Kf3 Nf6 49. c5 Nxh5 50. c6 Kd6 51. Kg4 Nf6+ 52. Kxf4
Nd5+ 53. Kf5 Nc3 54. c7 Kxc7 55. Be8 Kd6 56. Kg6 Kc5 57. Kxg7 Kb4 58. Kf6 Nxa4
59. Ke5 Nc3 60. Kd4 Nb5+ 61. Bxb5 Kxb5 62. Kc3 a4 1/2-1/2

[Event "Europa ch Femenino 2013"]
[Site "Belgrado SER"]
[Date "2013.07.31"]
[Round "8.2"]
[White "Gaponenko, Inna"]
[Black "Ivakhinova, Inna"]
[Result "1-0"]
[WhiteElo "2393"]
[BlackElo "2291"]
[PlyCount "71"]
[EventDate "2013.07.23"]
[EventType "swiss"]
[EventRounds "11"]
[EventCountry "SER"]
[Source "lmi"]
[SourceDate "2013.07.22"]

1. e4 c5 2. Nf3 d6 3. d4 cxd4 4. Nxd4 Nf6 5. Nc3 a6 6. Be3 e5 7. Nb3 Be7 8. h3
b5 9. a4 bxa4 10. Rxa4 Bd7 11. Ra1 a5 12. Nd2 Bc6 13. Nc4 Nxe4 14. Nxe4 Bxe4
15. Qg4 Bg6 16. Nb6 Ra7 17. Bb5+ Kf8 18. Nd5 Rb7 19. c4 Bd3 20. Qd1 Be4 21. O-O
Bf5 22. Qd2 Bd7 23. Rxa5 f5 24. f4 e4 25. Rd1 Be6 26. Ra8 Kf7 27. Rda1 Bf6 28.
Nxf6 Kxf6 29. R1a7 Rxa7 30. Bxa7 Qc7 31. Qd4+ Kg6 32. Bb6 Qc8 33. Qxd6 Kh5 34.
c5 Qb7 35. Be2+ Kh4 36. Kh2 1-0

[Event "Europa ch Femenino 2013"]
[Site "Belgrado SER"]
[Date "2013.07.31"]
[Round "8.3"]
[White "Bronnikova, Elizaveta"]
[Black "Zawadzka, Jolanta"]
[Result "0-1"]
[WhiteElo "2245"]
[BlackElo "2393"]
[PlyCount "76"]
[EventDate "2013.07.23"]
[EventType "swiss"]
[EventRounds "11"]
[EventCountry "SER"]
[Source "lmi"]
[SourceDate "2013.07.22"]

1. e4 e5 2. Nf3 Nc6 3. Bb5 a6 4. Ba4 Nf6 5. O-O Be7 6. Re1 b5 7. Bb3 d6 8. c3
O-O 9. h3 Bb7 10. d4 Nd7 11. Nbd2 exd4 12. cxd4 Bf6 13. Nf1 Na5 14. Bc2 Re8 15.
Rb1 c5 16. d5 Nc4 17. b3 Nce5 18. N3h2 c4 19. f4 Nd3 20. Bxd3 cxd3 21. Ng3 Qa5
22. Bb2 d2 23. Re2 Bxb2 24. Rxb2 Qc3 25. Qxd2 Qxg3 26. Nf1 Qg6 27. Qd4 Qf6 28.
Qf2 Rac8 29. Rbd2 Nc5 30. Ng3 b4 31. Re3 a5 32. Qf3 Nd7 33. Qg4 Nf8 34. e5 dxe5
35. fxe5 Rxe5 36. Nh5 Rc1+ 37. Kh2 Rxh5 38. Rg3 Qa1 0-1

[Event "Europa ch Femenino 2013"]
[Site "Belgrado SER"]
[Date "2013.07.31"]
[Round "8.4"]
[White "Zhukova, Natalia"]
[Black "Olsarova, Karolina"]
[Result "1/2-1/2"]
[WhiteElo "2471"]
[BlackElo "2246"]
[PlyCount "79"]
[EventDate "2013.07.23"]
[EventType "swiss"]
[EventRounds "11"]
[EventCountry "SER"]
[Source "lmi"]
[SourceDate "2013.07.22"]

1. d4 d5 2. c4 c6 3. Nf3 Nf6 4. Nc3 dxc4 5. a4 Bf5 6. Ne5 e6 7. g3 Bb4 8. Bg2
O-O 9. O-O Nbd7 10. Nxc4 Nb6 11. Ne5 a5 12. Na2 Be7 13. Re1 h6 14. e4 Bh7 15.
Nc3 Nfd7 16. Nxd7 Qxd7 17. Qb3 Qxd4 18. Be3 Qb4 19. Qxb4 axb4 20. Bxb6 bxc3 21.
bxc3 Bf6 22. e5 Bd8 23. a5 Bd3 24. h4 Bc4 25. Rab1 Bxb6 26. axb6 Ra3 27. Rec1
Rfa8 28. Rd1 Bd5 29. c4 Bxc4 30. Rd7 Ra1 31. Rxa1 Rxa1+ 32. Kh2 Ba6 33. Rd8+
Kh7 34. Rd7 Re1 35. f4 Kg8 36. Rd8+ Kh7 37. Rd7 Kg8 38. Rd8+ Kh7 39. Rd7 Kg8
40. Rd8+ 1/2-1/2

[Event "Europa ch Femenino 2013"]
[Site "Belgrado SER"]
[Date "2013.07.31"]
[Round "8.5"]
[White "Mikadze, Miranda"]
[Black "Kosintseva, Tatiana"]
[Result "0-1"]
[WhiteElo "2314"]
[BlackElo "2528"]
[PlyCount "56"]
[EventDate "2013.07.23"]
[EventType "swiss"]
[EventRounds "11"]
[EventCountry "SER"]
[Source "lmi"]
[SourceDate "2013.07.22"]

1. d4 Nf6 2. Nf3 e6 3. Bf4 d5 4. e3 Be7 5. h3 O-O 6. c4 c5 7. Nc3 cxd4 8. exd4
b6 9. Bd3 dxc4 10. Bxc4 Bb7 11. O-O Nc6 12. a3 Rc8 13. Ba2 Na5 14. Qd3 Nd5 15.
Bb1 f5 16. Ne2 Nc4 17. Bc1 Bf6 18. Re1 Re8 19. b3 Nd6 20. Ne5 Bxe5 21. dxe5 Ne4
22. b4 Qh4 23. Qd4 Rc4 24. Qxc4 Qxf2+ 25. Kh2 Nd2 26. Qd3 Ne3 27. Nf4 Nf3+ 28.
Kh1 Qxe1+ 0-1

[Event "Europa ch Femenino 2013"]
[Site "Belgrado SER"]
[Date "2013.07.31"]
[Round "8.7"]
[White "Javakhishvili, Lela"]
[Black "Mamedjarova, Turkan"]
[Result "1-0"]
[WhiteElo "2465"]
[BlackElo "2267"]
[PlyCount "71"]
[EventDate "2013.07.23"]
[EventType "swiss"]
[EventRounds "11"]
[EventCountry "SER"]
[Source "lmi"]
[SourceDate "2013.07.22"]

1. Nf3 d5 2. c4 e6 3. g3 Nf6 4. Bg2 c6 5. O-O Nbd7 6. d4 dxc4 7. Qc2 Bd6 8.
Nbd2 O-O 9. Nxc4 Bc7 10. Rd1 Nb6 11. Nce5 h6 12. b3 Qe7 13. Bb2 a5 14. a3 Bd6
15. e4 a4 16. b4 Rd8 17. Re1 Bb8 18. Nd3 Nfd7 19. Rad1 f6 20. Nh4 Nf8 21. f4
Bd7 22. Nc5 Be8 23. Nf3 Bf7 24. Kh1 g5 25. fxg5 hxg5 26. Bc1 g4 27. Nh4 Ng6 28.
Nxg6 Bxg6 29. Qe2 Kf7 30. Rf1 Rh8 31. Bg5 Bxg3 32. Rxf6+ Qxf6 33. Bxf6 Rxh2+
34. Kg1 Kxf6 35. Qxg4 Bh5 36. Rf1+ 1-0

[Event "Europa ch Femenino 2013"]
[Site "Belgrado SER"]
[Date "2013.07.31"]
[Round "8.8"]
[White "Paehtz, Elisabeth"]
[Black "Molchanova, Tatjana"]
[Result "1/2-1/2"]
[WhiteElo "2454"]
[BlackElo "2296"]
[PlyCount "88"]
[EventDate "2013.07.23"]
[EventType "swiss"]
[EventRounds "11"]
[EventCountry "SER"]
[Source "lmi"]
[SourceDate "2013.07.22"]

1. Nf3 d5 2. c4 e6 3. d4 Nf6 4. g3 dxc4 5. Bg2 a6 6. O-O Nc6 7. Bg5 Be7 8. e3
Rb8 9. Nfd2 e5 10. Bxf6 Bxf6 11. d5 Ne7 12. Nxc4 Nf5 13. Nbd2 Nd6 14. Rc1 Bd7
15. b3 O-O 16. Qc2 g6 17. Rfe1 Rc8 18. Qc3 Qe7 19. Nxd6 Qxd6 20. Ne4 Qb6 21. d6
Bg7 22. dxc7 Bc6 23. Qc5 Qxc5 24. Rxc5 Rxc7 25. Nd6 Rb8 26. Nxb7 Bxg2 27. Rxc7
Bxb7 28. Rd1 Bf3 29. Rdd7 e4 30. Rb7 Rf8 31. Rbc7 Bb2 32. Rc2 Ba3 33. Rdc7 Kg7
34. Rc8 Rxc8 35. Rxc8 Be2 36. Re8 f5 37. Kg2 h6 38. h4 g5 39. hxg5 hxg5 40. Re6
Kf7 41. Rc6 Be7 42. Rb6 Ba3 43. Rc6 Bd3 44. Rb6 Be2 1/2-1/2

[Event "Europa ch Femenino 2013"]
[Site "Belgrado SER"]
[Date "2013.07.31"]
[Round "8.9"]
[White "Bodnaruk, Anastasia"]
[Black "Balaian, Alina"]
[Result "1-0"]
[WhiteElo "2440"]
[BlackElo "2237"]
[PlyCount "67"]
[EventDate "2013.07.23"]
[EventType "swiss"]
[EventRounds "11"]
[EventCountry "SER"]
[Source "lmi"]
[SourceDate "2013.07.22"]

1. e4 e6 2. d4 d5 3. Nc3 Bb4 4. e5 c5 5. a3 Bxc3+ 6. bxc3 Qc7 7. Qg4 f5 8. Qg3
cxd4 9. cxd4 Qxc2 10. Bd2 Qc7 11. Rc1 Nc6 12. Bb5 a6 13. Bxc6+ bxc6 14. Ne2 a5
15. Nf4 Kf7 16. h4 Ne7 17. h5 h6 18. Rh3 Rg8 19. Qh4 Ba6 20. g4 Qb6 21. Bc3 Qb5
22. Kd2 Ke8 23. gxf5 Nxf5 24. Qg4 Kd7 25. Nd3 Raf8 26. a4 Qc4 27. Bxa5 Qxd4 28.
Qxd4 Nxd4 29. Nc5+ Ke8 30. Nxa6 Rxf2+ 31. Ke3 Ra2 32. Kxd4 Rxa4+ 33. Kc5 Kd7
34. Kb6 1-0

[Event "Europa ch Femenino 2013"]
[Site "Belgrado SER"]
[Date "2013.07.31"]
[Round "8.10"]
[White "Tarasova, Viktoriya"]
[Black "Matnadze, Ana"]
[Result "0-1"]
[WhiteElo "2300"]
[BlackElo "2412"]
[PlyCount "90"]
[EventDate "2013.07.23"]
[EventType "swiss"]
[EventRounds "11"]
[EventCountry "SER"]
[Source "lmi"]
[SourceDate "2013.07.22"]

1. d4 Nf6 2. c4 e6 3. Nc3 Bb4 4. e3 Nc6 5. Bd3 e5 6. Nge2 d5 7. cxd5 Nxd5 8. e4
Nb6 9. d5 Ne7 10. O-O O-O 11. Be3 c6 12. Qb3 Bxc3 13. Nxc3 cxd5 14. exd5 Ng6
15. Rfe1 f5 16. Rac1 Kh8 17. Bf1 Bd7 18. a4 Rb8 19. Red1 Nc8 20. Bc5 Rf6 21. g3
b6 22. a5 Nd6 23. axb6 axb6 24. Bxd6 Rxd6 25. Bb5 e4 26. Bxd7 Rxd7 27. Nb5 Ne5
28. d6 Qf6 29. Rc7 Qh6 30. Rxd7 Qh3 31. Nd4 f4 32. Qxb6 Nxd7 33. Qa6 f3 34. Qf1
Qxf1+ 35. Rxf1 Rxb2 36. Rc1 Kg8 37. h3 Rd2 38. Nf5 g6 39. Ne7+ Kf7 40. Nc8 Ke6
41. Rc4 Rd1+ 42. Kh2 Kd5 43. Rc2 e3 44. fxe3 Ke4 45. g4 Kd3 0-1

[Event "Europa ch Femenino 2013"]
[Site "Belgrado SER"]
[Date "2013.07.31"]
[Round "8.11"]
[White "Voicu-Jagodzinsky, Carmen"]
[Black "Batsiashvili, Nino"]
[Result "1-0"]
[WhiteElo "2296"]
[BlackElo "2405"]
[PlyCount "69"]
[EventDate "2013.07.23"]
[EventType "swiss"]
[EventRounds "11"]
[EventCountry "SER"]
[Source "lmi"]
[SourceDate "2013.07.22"]

1. e4 c5 2. Nf3 d6 3. d4 cxd4 4. Nxd4 Nf6 5. Nc3 a6 6. g3 g6 7. Bg2 Bg7 8. O-O
Bg4 9. Nde2 Nc6 10. h3 Bxe2 11. Qxe2 Rc8 12. f4 Nd7 13. Be3 Na5 14. Bf2 O-O 15.
Nd1 Qc7 16. c3 Nc4 17. Rc1 b5 18. Kh1 Nc5 19. b3 Nb6 20. Ne3 Ne6 21. Nd5 Nxd5
22. exd5 Nc5 23. Bd4 Rfe8 24. f5 Nd7 25. fxg6 hxg6 26. Rxf7 Kxf7 27. Qe6+ Kf8
28. Be4 Bxd4 29. Bxg6 Ne5 30. Rf1+ Kg7 31. Rf7+ Nxf7 32. Qxf7+ Kh6 33. Be4 Rg8
34. Qh7+ Kg5 35. Qh4# 1-0

[Event "Europa ch Femenino 2013"]
[Site "Belgrado SER"]
[Date "2013.07.31"]
[Round "8.12"]
[White "Papp, Petra"]
[Black "Melamed, Tatjana"]
[Result "0-1"]
[WhiteElo "2276"]
[BlackElo "2384"]
[PlyCount "82"]
[EventDate "2013.07.23"]
[EventType "swiss"]
[EventRounds "11"]
[EventCountry "SER"]
[Source "lmi"]
[SourceDate "2013.07.22"]

1. e4 c5 2. Nf3 e6 3. d4 cxd4 4. Nxd4 Nc6 5. Nc3 Qc7 6. Be2 a6 7. O-O Nf6 8.
Be3 Be7 9. f4 d6 10. Kh1 O-O 11. Qe1 Nxd4 12. Bxd4 b5 13. a3 Bb7 14. Qg3 Rad8
15. Rae1 Rd7 16. Bd3 Re8 17. Re2 Bc6 18. Nd1 Qd8 19. Nf2 Nh5 20. Qf3 Nxf4 21.
Nh3 e5 22. Nxf4 exd4 23. Nh5 Bg5 24. g3 Re5 25. h4 Bh6 26. Qg4 Kh8 27. Ref2 Qe8
28. Kh2 Bxe4 29. Bxe4 Rxe4 30. Qf5 Kg8 31. Qd5 Re5 32. Qc6 Rde7 33. Qf3 Qd7 34.
Qa8+ Qe8 35. Qf3 Qc8 36. Qb3 d5 37. Qf3 Be3 38. Re2 h6 39. Kg2 Qe6 40. b3 Qg6
41. g4 Rxh5 0-1

[Event "Europa ch Femenino 2013"]
[Site "Belgrado SER"]
[Date "2013.07.31"]
[Round "8.31"]
[White "Majdan-Gajewska, Joanna"]
[Black "Styazhkina, Anna"]
[Result "1-0"]
[WhiteElo "2375"]
[BlackElo "2242"]
[PlyCount "85"]
[EventDate "2013.07.23"]
[EventType "swiss"]
[EventRounds "11"]
[EventCountry "SER"]
[Source "lmi"]
[SourceDate "2013.07.22"]

1. e4 e5 2. Nf3 Nc6 3. Bb5 a6 4. Ba4 Nf6 5. O-O b5 6. Bb3 Bb7 7. d3 Bc5 8. Be3
d6 9. Bxc5 dxc5 10. Nc3 O-O 11. a4 b4 12. Ne2 Re8 13. a5 Bc8 14. c3 Be6 15. Ba4
Bd7 16. Qc2 Na7 17. cxb4 cxb4 18. Rfc1 Bxa4 19. Rxa4 c5 20. Qc4 Qd7 21. Raa1
Nb5 22. Qxc5 Qxd3 23. Ng3 Nxe4 24. Nxe4 Qxe4 25. Re1 Rac8 26. Qxc8 Qxe1+ 27.
Rxe1 Rxc8 28. Nxe5 f6 29. Nd3 b3 30. Kf1 Rc4 31. Re6 Rc2 32. Ke1 Nd4 33. Rxa6
Nc6 34. Ra8+ Kf7 35. a6 Rc4 36. Rc8 Ke6 37. a7 Re4+ 38. Kd2 Nxa7 39. Ra8 Nb5
40. Nc5+ Kd5 41. Nxe4 Kxe4 42. Rb8 Nd4 43. Rb7 1-0

[Event "Europa ch Femenino 2013"]
[Site "Belgrado SER"]
[Date "2013.07.31"]
[Round "8.33"]
[White "Gvetadze, Sofio"]
[Black "Pavlidou, Ekaterini"]
[Result "1-0"]
[WhiteElo "2341"]
[BlackElo "2210"]
[PlyCount "123"]
[EventDate "2013.07.23"]
[EventType "swiss"]
[EventRounds "11"]
[EventCountry "SER"]
[Source "lmi"]
[SourceDate "2013.07.22"]

1. e4 c5 2. Nf3 d6 3. d4 Nf6 4. dxc5 Nxe4 5. cxd6 Nc6 6. Bd3 Nxd6 7. Nc3 g6 8.
Bg5 Bg7 9. O-O O-O 10. Re1 h6 11. Bf4 Nb4 12. Bf1 Bg4 13. Rxe7 Nf5 14. Rxb7
Qxd1 15. Rxd1 Bxf3 16. gxf3 Nxc2 17. Bd3 Ncd4 18. Be4 Rad8 19. Rd3 Ne6 20. Rxd8
Rxd8 21. Rb8 Nfd4 22. Bd5 Kf8 23. Rxd8+ Nxd8 24. Bd6+ Ke8 25. Bc5 a6 26. Bc4 a5
27. Bb6 N8c6 28. Kg2 f5 29. Na4 Bf6 30. b3 Bd8 31. Bxd8 Kxd8 32. f4 Ke7 33. h4
Kf6 34. Kg3 Nb4 35. Nc3 Nbc6 36. Nd5+ Kg7 37. f3 Nc2 38. Kf2 N6d4 39. Bd3 Nb4
40. Nxb4 axb4 41. Ke3 Nc6 42. Bb5 Ne7 43. Kd4 Kf6 44. Kc5 g5 45. fxg5+ hxg5 46.
hxg5+ Kxg5 47. Ba6 Kf4 48. Bb7 Ke5 49. Kxb4 Kd6 50. Kb5 Kc7 51. Ka6 Ng6 52. b4
Ne5 53. Ba8 Nd3 54. Kb5 Nf4 55. Kc4 Ng2 56. a4 Kd6 57. b5 Ne3+ 58. Kd3 Nd1 59.
a5 Nb2+ 60. Kd4 Na4 61. Bd5 f4 62. a6 1-0

[Event "Europa ch Femenino 2013"]
[Site "Belgrado SER"]
[Date "2013.07.31"]
[Round "8.34"]
[White "Cosma, Elena-Luminita"]
[Black "Olsarova, Tereza"]
[Result "1-0"]
[WhiteElo "2329"]
[BlackElo "2203"]
[PlyCount "51"]
[EventDate "2013.07.23"]
[EventType "swiss"]
[EventRounds "11"]
[EventCountry "SER"]
[Source "lmi"]
[SourceDate "2013.07.22"]

1. d4 Nf6 2. Nf3 d5 3. Bf4 Bf5 4. c4 c6 5. Nc3 dxc4 6. e3 b5 7. Be2 e6 8. O-O
Bd6 9. Bxd6 Qxd6 10. Nd2 Qb4 11. e4 Qxb2 12. Na4 Qxd4 13. exf5 bxa4 14. fxe6
fxe6 15. Bxc4 Nd5 16. Qh5+ g6 17. Qh6 Nd7 18. Rae1 Ne5 19. Bxd5 cxd5 20. Qg5
Nc6 21. Rxe6+ Kd7 22. Nf3 Qc5 23. Rc1 Qxc1+ 24. Qxc1 Kxe6 25. Qxc6+ Ke7 26.
Qc7+ 1-0

[Event "Europa ch Femenino 2013"]
[Site "Belgrado SER"]
[Date "2013.07.31"]
[Round "8.35"]
[White "Kochetkova, Julia"]
[Black "Hairapetian, Anna"]
[Result "1-0"]
[WhiteElo "2328"]
[BlackElo "2214"]
[PlyCount "101"]
[EventDate "2013.07.23"]
[EventType "swiss"]
[EventRounds "11"]
[EventCountry "SER"]
[Source "lmi"]
[SourceDate "2013.07.22"]

1. e4 c5 2. Nf3 Nc6 3. Nc3 Nf6 4. Bb5 Qc7 5. O-O Nd4 6. Bd3 Ng4 7. g3 Nxf3+ 8.
Qxf3 Ne5 9. Qe3 Nxd3 10. cxd3 e6 11. b3 Be7 12. Bb2 Bf6 13. Rac1 b6 14. Nb5 Qc6
15. Bxf6 gxf6 16. Nc3 Qd6 17. Qf3 Qe5 18. Rfe1 O-O 19. Nd1 Bb7 20. Ne3 Qg5 21.
h4 Qg7 22. Qf4 f5 23. exf5 e5 24. Qc4 Qf6 25. b4 Qc6 26. Kh2 d5 27. Qg4+ Kh8
28. Qf3 f6 29. bxc5 bxc5 30. d4 exd4 31. Ng4 Rae8 32. Qa3 c4 33. Re6 Qc8 34.
Rce1 Kg7 35. Qxa7 Rxe6 36. Rxe6 h5 37. Qxd4 Qd8 38. Ne3 Re8 39. a4 Kf7 40. Rb6
Ba8 41. Qc5 Qd7 42. Rd6 Qb7 43. Nxd5 Kg7 44. Qc7+ Qxc7 45. Nxc7 Rc8 46. Ne6+
Kf7 47. Rd7+ Ke8 48. Rc7 Rb8 49. Rg7 Rc8 50. Rc7 Rb8 51. Rh7 1-0

[Event "Europa ch Femenino 2013"]
[Site "Belgrado SER"]
[Date "2013.07.31"]
[Round "8.36"]
[White "Kazimova, Narmin"]
[Black "Klinova, Masha"]
[Result "1/2-1/2"]
[WhiteElo "2208"]
[BlackElo "2322"]
[PlyCount "88"]
[EventDate "2013.07.23"]
[EventType "swiss"]
[EventRounds "11"]
[EventCountry "SER"]
[Source "lmi"]
[SourceDate "2013.07.22"]

1. d4 Nf6 2. c4 g6 3. Nf3 Bg7 4. g3 O-O 5. Bg2 d6 6. O-O Nc6 7. Nc3 Rb8 8. Re1
a6 9. Rb1 Re8 10. d5 Na5 11. Qd3 c5 12. dxc6 Nxc6 13. e4 b5 14. cxb5 axb5 15.
b4 Ng4 16. h3 Nge5 17. Nxe5 Nxe5 18. Qe2 Bd7 19. Bb2 Qc8 20. Kh2 Qc4 21. Bf1
Qxb4 22. Nd5 Qc4 23. Bxe5 Qxe2 24. Bxe2 Bxe5 25. f4 Bd4 26. Nc7 Rec8 27. Nxb5
Bxb5 28. Rxb5 Rxb5 29. Bxb5 Rc2+ 30. Re2 Rxe2+ 31. Bxe2 e6 32. Kg2 Kf8 33. Bc4
Ke7 34. Kf3 h5 35. g4 hxg4+ 36. hxg4 Bc3 37. Ke3 f6 38. Kd3 Be1 39. a4 g5 40.
f5 exf5 41. exf5 Kd7 42. Kd4 Kc6 43. Bb5+ Kb6 44. Kd5 Bg3 1/2-1/2

[Event "Europa ch Femenino 2013"]
[Site "Belgrado SER"]
[Date "2013.07.31"]
[Round "8.37"]
[White "Martynkova, Olena"]
[Black "Galojan, Lilit"]
[Result "0-1"]
[WhiteElo "1851"]
[BlackElo "2320"]
[PlyCount "108"]
[EventDate "2013.07.23"]
[EventType "swiss"]
[EventRounds "11"]
[EventCountry "SER"]
[Source "lmi"]
[SourceDate "2013.07.22"]

1. d4 d5 2. c4 e6 3. Nf3 c5 4. cxd5 exd5 5. g3 Nc6 6. Bg2 Nf6 7. O-O Be7 8.
dxc5 Bxc5 9. a3 O-O 10. Qc2 Bb6 11. Nc3 Be6 12. Na4 Rc8 13. Qd3 Ne4 14. Nxb6
Qxb6 15. b4 a6 16. Bb2 Rfd8 17. Rac1 h6 18. e3 Qb5 19. Qxb5 axb5 20. Rfd1 Nd6
21. Nd2 Nc4 22. Nxc4 bxc4 23. Bd4 Nxd4 24. Rxd4 Ra8 25. Rc3 Kf8 26. Kf1 Ke7 27.
Ke1 Ra7 28. Kd2 b5 29. Kc1 g5 30. h4 Rad7 31. Kb2 gxh4 32. Rxh4 d4 33. exd4
Rxd4 34. Rxd4 Rxd4 35. Bc6 Bd7 36. Re3+ Kd6 37. Bxd7 Kxd7 38. Rf3 Ke6 39. Kc3
Re4 40. Kd2 f5 41. a4 bxa4 42. Ra3 Kd5 43. Rxa4 Kd4 44. b5 Re5 45. Rb4 Rd5 46.
Rb1 c3+ 47. Kc2 Kc4 48. Re1 Rd2+ 49. Kc1 Kb3 50. Re3 Rxf2 51. Kd1 Rd2+ 52. Kc1
Rg2 53. Kd1 Kb2 54. Ke1 c2 0-1

[Event "Europa ch Femenino 2013"]
[Site "Belgrado SER"]
[Date "2013.07.31"]
[Round "8.38"]
[White "Foisor, Cristina-Adela"]
[Black "Azimova, Karina"]
[Result "1-0"]
[WhiteElo "2387"]
[BlackElo "2037"]
[PlyCount "131"]
[EventDate "2013.07.23"]
[EventType "swiss"]
[EventRounds "11"]
[EventCountry "SER"]
[Source "lmi"]
[SourceDate "2013.07.22"]

1. c4 e5 2. g3 d6 3. Bg2 f5 4. Nc3 Nf6 5. d3 Be7 6. e3 O-O 7. Nge2 Kh8 8. b3
Na6 9. Bb2 Qe8 10. Qd2 c6 11. f4 Rb8 12. O-O Ng4 13. h3 Nf6 14. Nd1 e4 15. Bxf6
Bxf6 16. d4 c5 17. Ndc3 Nb4 18. Nb5 d5 19. a3 Nd3 20. Nc7 Qg6 21. Nxd5 cxd4 22.
exd4 b5 23. Nxf6 gxf6 24. Rfb1 Rg8 25. cxb5 Rxb5 26. b4 Rd5 27. Qe3 Ba6 28. a4
Bc4 29. Ra3 h5 30. Rc3 Ba2 31. Ra1 Nxb4 32. Nc1 Ra5 33. Nxa2 Rxa4 34. Qd2 Qf7
35. d5 Qxd5 36. Qxd5 Nxd5 37. Rc5 Nb4 38. Rxf5 Rxg3 39. Rxh5+ Kg7 40. Kh2 Rga3
41. Bxe4 Rxa2+ 42. Rxa2 Rxa2+ 43. Kg3 a5 44. Rh7+ Kf8 45. Ra7 a4 46. h4 f5 47.
Bxf5 Nc6 48. Ra8+ Kg7 49. h5 a3 50. h6+ Kxh6 51. Ra6 Kg7 52. Rxc6 Ra1 53. Rg6+
Kf8 54. Ra6 a2 55. Kg2 Ke7 56. Bg4 Kf8 57. Be2 Ke7 58. Kf2 Kf8 59. f5 Ke7 60.
Kg2 Kf8 61. Kf3 Ke7 62. Ke4 Kf8 63. Ke5 Ke7 64. Ra7+ Ke8 65. Ke6 Kd8 66. f6 1-0

[Event "Europa ch Femenino 2013"]
[Site "Belgrado SER"]
[Date "2013.07.31"]
[Round "8.39"]
[White "Sandu, Mihaela"]
[Black "Bulmaga, Irina"]
[Result "1/2-1/2"]
[WhiteElo "2237"]
[BlackElo "2403"]
[PlyCount "184"]
[EventDate "2013.07.23"]
[EventType "swiss"]
[EventRounds "11"]
[EventCountry "SER"]
[Source "lmi"]
[SourceDate "2013.07.22"]

1. e4 d6 2. d4 Nf6 3. Nc3 e5 4. dxe5 dxe5 5. Qxd8+ Kxd8 6. Bc4 Be6 7. Bxe6 fxe6
8. f3 Bc5 9. Bg5 h6 10. O-O-O+ Nbd7 11. Bd2 a6 12. Na4 Bd6 13. b3 b5 14. Nb2
Ke7 15. Ne2 Ba3 16. Nc3 Nb6 17. Nb1 Bxb2+ 18. Kxb2 c5 19. Be3 Nfd7 20. Rd2 Rhc8
21. Rhd1 Rc6 22. c3 c4 23. b4 a5 24. a3 axb4 25. axb4 Rc7 26. Rd6 Nc8 27. R6d2
Ncb6 28. Rd6 Nc8 29. R6d2 Ncb6 30. h4 Rca7 31. Kc1 Ra1 32. Rd6 R8a3 33. Bxb6
Nxb6 34. Rxb6 Rb3 35. Kd2 Rb2+ 36. Ke3 Raxb1 37. Rxb1 Rxb1 38. Rxb5 Rd1 39.
Rxe5 Rd3+ 40. Kf4 Rxc3 41. Rc5 Rc1 42. g4 c3 43. h5 Kf6 44. e5+ Kf7 45. Rc7+
Kf8 46. b5 c2 47. b6 Rb1 48. Rxc2 Rxb6 49. Rc8+ Kf7 50. Rc7+ Kf8 51. Rd7 Rb1
52. Rc7 Re1 53. Rc5 Kf7 54. Rc7+ Kf8 55. Rc4 Kf7 56. Re4 Ra1 57. Kg3 Ra3 58.
Kf2 Ra2+ 59. Re2 Ra4 60. Rd2 Ke7 61. Rb2 Rc4 62. Rb7+ Kf8 63. Rb3 Ke7 64. Ke3
Ra4 65. f4 Rc4 66. Kf3 Rc1 67. Rb7+ Kf8 68. Rb6 Rc3+ 69. Ke4 Rc4+ 70. Ke3 Rc3+
71. Kd4 Rg3 72. Rxe6 Rxg4 73. Ke4 Rh4 74. Ra6 Rxh5 75. Ra8+ Ke7 76. f5 Rh1 77.
Ra7+ Kf8 78. Kd5 h5 79. Ke6 Kg8 80. Ra8+ Kh7 81. f6 gxf6 82. exf6 Re1+ 83. Kf5
Rc1 84. Ke6 Re1+ 85. Kf7 Rb1 86. Re8 Rb7+ 87. Re7 Rb6 88. Ra7 Rb8 89. Ra5 Rb7+
90. Ke6 Kg6 91. f7 Rxf7 92. Rxh5 Kxh5 1/2-1/2